LEADER 01137cam0 22002771 450 001 SOBE00067869 005 20211019085259.0 010 $a88-221-1520-1 100 $a20211012d1994 |||||ita|0103 ba 101 $aita 102 $aIT 200 1 $a<>asilo e la scuola dell'infanzia$estoria della scuola materna e dei suoi programmi dall'Ottocento ai giorni nostri$fEnzo Catarsi 210 $aScandicci$cLa nuova Italia$d1994 215 $aXVI, 509 p.$d21 cm 225 2 $aEducatori antichi e moderni$v520 410 1$1001LAEC00015153$12001 $a*Educatori antichi e moderni$v520 700 1$aCatarsi$b, Enzo$3A600200038318$4070$0170164 801 0$aIT$bUNISOB$c20211019$gRICA 850 $aUNISOB 852 $aUNISOB$jFondo|Frauenfelder$m173652 912 $aSOBE00067869 940 $aM 102 Monografia moderna SBN 941 $aM 957 $aFondo|Frauenfelder$b000103$gSI$d173652$n20210912$hFrauenfelder$rDono$1rovito$2UNISOB$3UNISOB$420211012105846.0$520211019085259.0$6rovito$fPer le modalità di consultazione vedi homepage della Biblioteca link Fondi 996 $aAsilo e la scuola dell'infanzia$9557650 997 $aUNISOB